ბათუმის შოთა რუსთაველის სახელმწიფო უნივერსიტეტის ბიბლიოთეკა

Примеры расчетов кранов. (ბიბ.ჩანაწერი № 47027)

000 -LEADER
fixed length control field 00637nam a2200229Ia 4500
001 - CONTROL NUMBER
control field 13883
003 - CONTROL NUMBER IDENTIFIER
control field GE_BSU
008 - FIXED-LENGTH DATA ELEMENTS--GENERAL INFORMATION
fixed length control field 181216s||||||||xx |||||||||||||| ||und||
040 ## - CATALOGING SOURCE
Transcribing agency GE_BSU
080 ## - UNIVERSAL DECIMAL CLASSIFICATION NUMBER
Universal Decimal Classification number 621.874
100 ## - MAIN ENTRY--PERSONAL NAME
Personal name Павлов,Н.Г.
245 ## - TITLE STATEMENT
Title Примеры расчетов кранов.
245 ## - TITLE STATEMENT
Statement of responsibility, etc. Ред. Л.И.Орлова.
250 ## - EDITION STATEMENT
Edition statement Изд. 3-е, перераб. и допол.
260 ## - PUBLICATION, DISTRIBUTION, ETC.
Place of publication, distribution, etc. Л.
260 ## - PUBLICATION, DISTRIBUTION, ETC.
Name of publisher, distributor, etc. Машиностроение.
260 ## - PUBLICATION, DISTRIBUTION, ETC.
Date of publication, distribution, etc. 1967.
300 ## - PHYSICAL DESCRIPTION
Extent 347 стр. 22см. с илл.
300 ## - PHYSICAL DESCRIPTION
Accompanying material Табл.
653 ## - INDEX TERM--UNCONTROLLED
Uncontrolled term Примеры расчетов кранов.
942 ## - ADDED ENTRY ELEMENTS (KOHA)
Koha item type წიგნი
ეგზემპლარები
Withdrawn status Lost status Damaged status Not for loan Date acquired Barcode Date last seen Price effective from Koha item type
        2018-12-17 11148 2018-12-17 2018-12-17 წიგნი